|
|
|
|
| LEADER |
00000nam0a2200000 4500 |
| 001 |
240683 |
| 005 |
20231101231747.0 |
| 010 |
|
|
|a 9785444200322
|
| 035 |
|
|
|a (RuTPU)RU\TPU\book\261941
|
| 035 |
|
|
|a RU\TPU\book\212390
|
| 090 |
|
|
|a 240683
|
| 100 |
|
|
|a 20130624d2013 m y0rusy50 ca
|
| 101 |
0 |
|
|a rus
|
| 102 |
|
|
|a RU
|
| 105 |
|
|
|a a j 001zy
|
| 200 |
1 |
|
|a Ультразвуковой контроль
|e учебное пособие для вузов
|f Н. П. Алешин [и др.]
|g Российское общество по неразрушающему контролю и технической диагностике (РОНКТД) ; под ред. В. В. Клюева
|
| 210 |
|
|
|a Москва
|c Спектр
|d 2013
|
| 215 |
|
|
|a 224 с.
|c ил.
|
| 225 |
1 |
|
|a Диагностика безопасности
|
| 320 |
|
|
|a Библиогр.: с. 222-223.
|
| 320 |
|
|
|a Список сокращений: с. 8.
|
| 330 |
|
|
|a Изложены основы ультразвуковых (УЗ) методов неразрушающего контроля (НК). Значительное внимание уделено эхо- и теневому методам обнаружения дефектов, измерения толщины и физико-механических свойств деталей, узлов и сварных соединений, методам обработки информации и регистрации результатов контроля. Рассмотрены типовые схемы построения УЗ-преобразователей, приборов и систем автоматизированного контроля, их конструктивные особенности и технические характеристики, технология контроля массовой продукции. Приведены национальные и международные стандарты по УЗ НК, описаны стандартные образцы. Сформулированы требования по безопасности УЗ-контроля. Книга может быть использована в качестве пособия для подготовки студентов и специалистов, обучающихся по направлениям технической диагностики, контроля качества и безопасности изделий и конструкций. Учебное пособие рекомендуется для подготовки к аттестации специалистов 1, 2 и 3 уровней НК по международной и европейской системам аттестации, а также в качестве базового материала для дистанционного обучения специалистов по НК.
|
| 606 |
1 |
|
|a Ультразвуковой контроль
|2 stltpush
|3 (RuTPU)RU\TPU\subj\70930
|9 85075
|
| 610 |
1 |
|
|a конструкционные материалы
|
| 610 |
1 |
|
|a дефекты
|
| 610 |
1 |
|
|a физические основы
|
| 610 |
1 |
|
|a методы
|
| 610 |
1 |
|
|a эхо-метод
|
| 610 |
1 |
|
|a характеристика
|
| 610 |
1 |
|
|a оптимизация
|
| 610 |
1 |
|
|a проверка
|
| 610 |
1 |
|
|a аппаратура
|
| 610 |
1 |
|
|a материалы
|
| 610 |
1 |
|
|a физико-механические свойства
|
| 610 |
1 |
|
|a технология
|
| 610 |
1 |
|
|a неразрушающий контроль
|
| 610 |
1 |
|
|a акустические методы
|
| 610 |
1 |
|
|a метрологическое обеспечение
|
| 610 |
1 |
|
|a стандартизация
|
| 610 |
1 |
|
|a техника безопасности
|
| 610 |
1 |
|
|a охрана труда
|
| 610 |
1 |
|
|a безопасность
|
| 610 |
1 |
|
|a учебные пособия
|
| 675 |
|
|
|a 620.179.16(075.8)
|v 3
|
| 701 |
|
1 |
|a Алешин
|b Н. П.
|g Николай Павлович
|
| 701 |
|
1 |
|a Бобров
|b В. Г.
|g Владимир Тимофеевич
|
| 701 |
|
1 |
|a Ланге
|b Ю. В.
|g Юлий Викторович
|
| 701 |
|
1 |
|a Щербинский
|b В. Г.
|g Виктор Григорьевич
|
| 702 |
|
1 |
|a Клюев
|b В. В.
|4 340
|
| 712 |
0 |
2 |
|a Российское общество по неразрушающему контролю и технической диагностике (РОНКТД)
|2 stltpush
|3 (RuTPU)RU\TPU\col\17335
|
| 801 |
|
1 |
|a RU
|b 63413507
|c 20110421
|
| 801 |
|
2 |
|a RU
|b 63413507
|c 20150529
|g RCR
|
| 900 |
|
|
|a Физические методы контроля
|
| 900 |
|
|
|a Неразрушающие методы контроля
|
| 942 |
|
|
|c BK
|
| 959 |
|
|
|a 43/20110421
|d 5
|e 690,00
|f ЧЗТЛ:1
|f АНЛ:1
|f УФ:3
|
| 959 |
|
|
|a 75/20130412
|d 5
|e 710,00
|f УФ:5
|